000 00920nam a2200241 i 4500
001 10110
003 ES-MaACL
005 20250830011647.0
007 t|
008 950213s1989 sp ||||1| spa d
020 _a84-85646-35-5
080 _a621-52(061.3):002
080 _a002:621-52(061.3)
111 2 _aCongreso Iberoamericano de Informática y Documentación (
_n2º.
_d1988.
_cMar del Plata, Argentina)
_9394
245 1 0 _aII Congreso Iberoamericano de Informática y Documentación
_b: [actas].
260 _aMadrid :
_bCentro Regional del IBI para la enseñanza de la Informática,
_cD.L. 1989.
300 _a694 p. ;
_c24 cm.
650 1 4 _aInformática-
_xCongresos y asambleas.
_913761
650 4 _aDocumentación-
_vCongresos y asambleas.
_911960
710 2 _aCentro Regional para la Enseñanza de la Informática (Madrid)
_92784
852 _aES-MaACL
_jL-17563
_bR.121250
999 _c10110
_d10110